000
00276nam a22001337a 4500
003
SGT
082
_a
615.53
_b
B04KH
100
_a
KHANA, SHIVNATH
245
_a
BAL-TANTRA
260
_a
VARANSI
_b
CHAUKHAMBHA PUB
_c
2004
300
_a
731
650
_a
AYURVEDA
942
_2
ddc
_c
BK
999
_c
11530
_d
11530